Barcelona - quiz wielokrotnego wyboru - Statystyki

Ogólne statystyki
  • Ten quiz został rozwiązany 2 269 razy
  • Średni wynik to 6 z 10
Statystyki odpowiedzi
Zagadnienie Odpowiedź % Poprawnych
Oprócz hiszpańskiego, najpopularniejszym językiem w Barcelonie jest... Kataloński
97%
Kto jest najskuteczniejszym strzelcem w historii FC Barcelony? Lionel Messi
94%
Który z podanych obiektów kultu religijnego jest największym niedokończonym kościołem katolickim w Europie? Budowa tej świątyni rozpoczęła się w 1882 roku. Sagrada Família
82%
W którym roku Barcelona była gospodarzem Letnich Igrzysk Olimpijskich? 1992
75%
Jaka ulica w Barcelonie jest znana z ulicznych tancerzy i niesamowitej atmosfery? La Rambla
60%
Który artysta ma w Barcelonie poświęcone swojej twórczości muzeum, w którym można znaleźć 4251 jego dzieł? Pablo Picasso
59%
Który z tych zabytków NIE znajduje się w Barcelonie?
47%
Która z podanych dzielnic znajduje się wzdłuż linii brzegowej? La Barceloneta
42%
Jaka dzielnica uważana jest za historyczne centrum Barcelony? Barri Gòtic
37%
Rzeźba jakiego zwierzęcia znajduje się w najsłynniejszym w Barcelonie Parku Güell? Jaszczurki
23%
Nie znaleziono quizów pasujących do podanych kryteriów
Rozkład punktacji
Procent ludzi z każdym wynikiem
Percentyl według liczby udzielonych odpowiedzi
Twoja historia wyników
Nie rozwiązałeś tego quizu